La acción (1893) : (Record n. 7180)

Dettagli MARC
000 -LEADER
fixed length control field 01055nam a2200289 i 4500
003 - CONTROL NUMBER IDENTIFIER
control field IT-RoINE
005 - DATE AND TIME OF LATEST TRANSACTION
control field 20170731051539.0
008 - FIXED-LENGTH DATA ELEMENTS--GENERAL INFORMATION
fixed length control field 960708s1996 sp | |r ||| ||spa d
020 ## - INTERNATIONAL STANDARD BOOK NUMBER
International Standard Book Number 8479142111
040 ## - CATALOGING SOURCE
Original cataloging agency IT-RoINE
Transcribing agency IT-RoINE
041 1# - LANGUAGE CODE
Language code of text/sound track or separate title spa
Language code of original and/or intermediate translations of text fre
100 1# - MAIN ENTRY--PERSONAL NAME
9 (RLIN) 15390
Personal name Blondel, Maurice,
Dates associated with a name 1861-1949
240 12 - UNIFORM TITLE
Uniform title L'action (1893).
Language of a work Español
245 13 - TITLE STATEMENT
Title La acción (1893) :
Remainder of title ensayo de una crítica de la vida y de una ciencia de la práctica /
Statement of responsibility, etc Maureice Blondel ; introducción, versión y notas de Juan Maria Isasi y César Izquierdo.
260 ## - PUBLICATION, DISTRIBUTION, ETC. (IMPRINT)
Place of publication, distribution, etc Madrid :
Name of publisher, distributor, etc Biblioteca de Autores Cristianos,
Date of publication, distribution, etc 1996.
300 ## - PHYSICAL DESCRIPTION
Extent LXXI, 546 p. ;
Dimensions 20 cm.
336 ## - CONTENT TYPE
Source rdacontent
Content type term text
337 ## - MEDIA TYPE
Source rdamedia
Media type term unmediated
338 ## - CARRIER TYPE
Source rdacarrier
Carrier type term volume
490 10 - SERIES STATEMENT
Series statement Biblioteca de autores cristianos ;
Volume number/sequential designation 557
504 ## - BIBLIOGRAPHY, ETC. NOTE
Bibliography, etc Bibliografía: p. [LXIII]-LXXI.
650 #4 - SUBJECT ADDED ENTRY--TOPICAL TERM
Topical term or geographic name as entry element Acto (Filosofía)
9 (RLIN) 15391
700 1# - ADDED ENTRY--PERSONAL NAME
Personal name Isasi, Juan Maria
9 (RLIN) 15392
700 1# - ADDED ENTRY--PERSONAL NAME
9 (RLIN) 4302
Personal name Izquierdo, César,
Dates associated with a name 1953-
830 #0 - SERIES ADDED ENTRY--UNIFORM TITLE
9 (RLIN) 843
Uniform title Biblioteca de Autores Cristianos
942 ## - ADDED ENTRY ELEMENTS (KOHA)
Item type Monografías
Dati di copia
Withdrawn status Lost status Damaged status Not for loan Home library Current library Date acquired Total Checkouts Full call number Barcode Date last seen Price effective from Koha item type
        Iglesia Nacional Española en Roma Iglesia Nacional Española en Roma 05/12/2014   COL.A 16.557 9009 13/01/2015 05/12/2014 Monografías